Biblioteca

Josefo : (Registro nro. 71070)

Detalles MARC
000 -LÍDER
Campo fijo de descripción fija 02234nam a2200373 i 4500
001 - NÚMERO DE CONTROL
Campo de control 768714001
003 - IDENTIFICADOR DEL NÚMERO DE CONTROL
Campo de control CO-MdFUSB
005 - FECHA Y HORA DE LA ULTIMA TRANSACCIÓN
control field 20260318090437.0
007 - CAMPO FIJO DE DESCRIPCIÓN FIJA--INFORMACIÓN GENERAL
Campo fijo de descripción fija ta
008 - ELEMENTOS DE LONGITUD FIJA -- INFORMACIÓN GENERAL
Campo fijo de descripción fija -- Información general 241009t1992 -usabo|| |||| 001 0 spa d
020 ## - NÚMERO INTERNACIONAL NORMALIZADO PARA LIBROS
Número Internacional Normalizado del libro 978-0-8254-1456-5
040 ## - FUENTE DE CATALOGACIÓN
Idioma de catalogación spa.
Agencia de catalogación original CO-MdFUSB
Agencia que realiza la transcripción CO-MdFUSB
Agencia que realiza la modificación CO-MdFUSBC
Convenciones de la descripción rda
041 ## - CÓDIGO DE IDIOMA
Código de idioma para texto/pista de sonido o título separado spa
Código de idioma original eng
082 ## - NÚMERO DE CLASIFICACIÓN DECIMAL DEWEY
Número de la edición del Dewey 23
Número de clasificación 933
Clave de autor-Numero de item J83
240 ## - TITULO UNIFORME
Título uniforme <a href="Josephus: The Essential Writings">Josephus: The Essential Writings</a>
245 1# - TÍTULO
Título del Material Josefo :
Parte restante del título - Subtitulo los escritos esenciales
Mención de responsabilidad, etc. / editado por Paul L. Maier ; traducido por Santiago Escuain
250 ## - MENCIÓN DE EDICIÓN
Mención de edición Edición ilustrada de antigüedades de los judíos y las guerras de los judíos
264 #1 - PRODUCCIÓN, PUBLICACIÓN, DISTRIBUCIÓN, MANUFACTURA, Y COPYRIGHT
Lugar de producción, publicación, distribución, manufactura Grand Rapids, Michigan :
Nombre del productor, publicador, distribuidor Portavoz,
Fecha de producción, publicación, distribución, manufactura, o copyright [1992]
264 #4 - PRODUCCIÓN, PUBLICACIÓN, DISTRIBUCIÓN, MANUFACTURA, Y COPYRIGHT
Fecha de producción, publicación, distribución, manufactura, o copyright ©1992
300 ## - DESCRIPCIÓN FÍSICA
Extensión 398 páginas
Otros detalles físicos : ilustraciones, mapas, fotografías a blanco y negro
Dimensiones ; 24 cm
336 ## - TIPO DE CONTENIDO
Fuente rdacontent
Término de tipo de contenido texto
Código de tipo de contenido txt
337 ## - TIPO DE MEDIO
Fuente rdamedia
Nombre del tipo de medio sin mediación
Código del tipo de medio n
338 ## - TIPO DE SOPORTE
Fuente rdacarrier
Nombre del tipo de soporte volumen
Código Tipo de soporte nc
500 ## - NOTA GENERAL
Nota General Incluye índice, ilustraciones, mapas, fotografías a blanco y negro
505 ## - NOTA DE CONTENIDO
Información miscelánea Primera parte:
Título Las antigüedades de los judíos:
Nota de contenido con formato preestablecido Los comienzos.-- Los patriarcas. -- Los hebreos en Egipto. -- Moisés y el éxodo. -- El Sinaí. -- La conquista de Canaán. -- Sansón y Samuel. -- Saúl. -- El rey David. -- Salomón y sus sucesores. -- El profeta Elías . -- El profeta Eliseo . -- Conquista, destrucción y cautiverio . -- El retorno a Jerusalén . -- De Ester a los ptolomeos . -- Los macabeos . -- La conquista romana . -- Herodes el Grande . -- Los gobernadores romanos .
Información miscelánea Segunda parte:
Título Las guerras de los judíos:
Nota de contenido con formato preestablecido Se desencadenan las hostilidades. -- Vespasiano conquista Galilea. -- Piratas, rebeldes y víctimas. -- Los zelotes en Jerusalén. -- Tito asedia la ciudad. -- Horrores en Jerusalén. -- La destrucción del templo y de la ciudad. -- De Roma a Masada.
563 ## - NOTA DE ENCUADERNACIÓN
Nota de encuadernación Rústica
630 07 - TITULO UNIFORME
Título uniforme Biblia.
Nombre de parte o sección de la obra Antiguo Testamento
650 #7 - ASIENTO SECUNDARIO DE MATERIA - TERMINO TEMÁTICO
Término temático o nombre geográfico como elemento de entrada Judíos
9 (RLIN) 270
653 ## - TÉRMINO DE INDIZACIÓN - NO CONTROLADO
Término no controlado Israel — Historia antigua. -- Judíos — Historia — Hasta 70 d.C. Biblia — Historia de los acontecimientos bíblicos. — Flavio Josefo — Obras
700 ## - ASIENTO SECUNDARIO - NOMBRE PERSONAL
Nombre personal Maier, Paul L.
9 (RLIN) 10921
Responsabilidad editor
700 ## - ASIENTO SECUNDARIO - NOMBRE PERSONAL
Nombre personal Escuain, Santiago.
9 (RLIN) 2132
Responsabilidad traductor
942 ## - TIPO DE MATERIAL (KOHA)
Tipo de Item KOHA Libros General
945 ## - INFORMACIÓN LOCAL DEL REGISTRO
Catalogador Catherine Arias Alvarez
Existencias
Estado de Material Estado de Perdido Forma de Clasificación Volumen-Parte/Tomo Estado de Dañado No para Préstamo Colección Tomo Biblioteca de Origen Biblioteca Permanente Fecha de Adquisición Total de Préstamos Signatura Topográfica Código de Barras Última vez visto Ejemplar/Existencia Fecha de Remplazo Tipo de Material
    Dewey Decimal Classification       Colección General   Biblioteca FUSBC Biblioteca FUSBC 10/10/2024   G 933 J83j 25141 09/10/2024 Ej. 1 09/10/2024 Libros General

Biblioteca FUSBC | Teléfono: (57+4) 349 88 10 Ext. 141| WhatsApp (+57) 3005338115 
E-mail: biblioteca@unisbc.edu.co | Calle 76 87-14 Robledo Palenque, Medellín, Colombia

Con tecnología Koha